000 01226cam a22002654a 4500
001 12468060
003 OSt
005 20160504160259.0
008 010713s2002 nyu b 001 0 eng
010 _a 2001044250
020 _a0393703827
040 _aSEKU
042 _apcc
050 0 0 _aRC 495
_b.F53
100 1 _aFlemons, Douglas G.
245 1 0 _aOf one mind :
_bthe logic of hypnosis, the practice of therapy /
_cDouglas Flemons.
260 _aNew York :
_bNorton,
_cc2002.
300 _axviii, 278 p. ;
_c22 cm.
500 _a"A Norton professional book."
504 _aIncludes bibliographical references (p. 253-268) and index.
505 8 _aMachine generated contents note: Acknowledgments ix -- Preface xiii -- Introduction xv -- 1. Hypnosis, Concordance, and the Self 1 -- 2. Relational Freedom 27 -- 3. Your Relationship with Clients 41 -- 4. Your Clients' Relationship with You 91 -- 5. Your Clients' Relationship with Themselves 135 -- 6. Your Clients' Relationship with Their Problem 177 -- Glossary 249 -- Notes 253 -- References 265 -- Index 269.
650 0 _aHypnotism
_xTherapeutic use.
856 4 1 _3Table of contents
_uhttp://www.loc.gov/catdir/toc/fy031/2001044250.html
942 _2lcc
_cGEN
999 _c13298
_d13298